000 00223 a2200097 4500
001 39899
100 _aNasr S Hossein
245 _aKnowledge & the Sacred
260 _aLahore
_bSuhail Academy
_c1988
090 _c24895
_d24895
942 _aNUST-CAE
_cM
_c16552
999 _c274972
_d274972